The Senate of the United States : a bicentennial history /

Bibliographic Details
Main Author: Baker, Richard A.
Format: Book
Language:English
Published: Malabar, Fla. : R.E. Krieger, 1988.
Edition:Original ed.
Series:Anvil series.
Subjects:

MARC

Tag First Indicator Second Indicator Subfields
LEADER 00000cam a2200000 a 4500
001 in00000025132
005 20151007055733.0
008 870320s1988 flu b 00110 eng
010 |a  87003740  
020 |a 0898748658 (pbk.) 
035 |a (OCoLC)15591909 
035 |9 AAB9109AM 
040 |a DLC  |c DLC  |d TXA  |d UtOrBLW 
043 |a n-us--- 
049 |a TXAM  |c [A11089894] 
050 0 0 |a JK1158  |b .B35 1988 
082 0 |a 328.73/071/09  |2 19 
100 1 |a Baker, Richard A. 
245 1 4 |a The Senate of the United States :  |b a bicentennial history /  |c by Richard A. Baker. 
250 |a Original ed. 
264 1 |a Malabar, Fla. :  |b R.E. Krieger,  |c 1988. 
300 |a ix, 261 pages ;  |c 19 cm. 
336 |a text  |b txt  |2 rdacontent 
337 |a unmediated  |b n  |2 rdamedia 
338 |a volume  |b nc  |2 rdacarrier 
490 1 |a The Anvil series 
500 |a "An Anvil original." 
504 |a Bibliography: pages 252-255. 
500 |a Includes index. 
610 1 0 |a United States.  |b Congress.  |b Senate  |x History. 
830 0 |a Anvil series. 
999 |a MARS 
999 f f |s e343af72-74d8-3e44-bd1e-35a48e6cf759  |i 2cca08f9-21bc-3d04-aed1-20c5f7ffadf4  |t 0 
952 f f |p ric  |a Texas A&M University  |b Rellis Campus  |c Joint Library Facility  |d Remote Storage  |t 0  |e JK1158 .B35 1988  |h Library of Congress classification  |i unmediated -- volume  |m A14811089894 
998 f f |a JK1158 .B35 1988  |t 0  |l Remote Storage